La democracia en América

Saved in:
Bibliographic Details
Main Author: Tocqueville, Alexis de (Author)
Format: Book
Language:Spanish
Published: Madrid Aguilar 1971
Series:Iniciación Política
Subjects:
Tags: Add Tag
No Tags, Be the first to tag this record!

MARC

LEADER 00000nam a2200000 a 4500
001 UCP2021
003 CL-VaPUC
008 990430e19710000SP |||||||||||||||||spa|d
082 0 4 |a 321.8  |b TOC  |2 21 
100 0 |a Tocqueville, Alexis de  |e author  |9 315351 
245 1 3 |a La democracia en América 
300 |a 296 p 
942 |c BK 
945 |d 19990430 00:00:00  |a lriquelm 
260 |a Madrid  |b Aguilar  |c 1971 
650 0 |a Política  |9 255312 
650 7 |a SISTEMAS POLITICOS  |2 CL-VaPUC  |9 428417 
650 0 |a Democracia  |9 255256 
650 0 |a Democratización  |9 316630 
650 0 |a Libertad de prensa  |9 255610 
650 0 |a Asociaciones   |9 257659 
650 7 |a GRUPOS ETNICOS  |2 CL-VaPUC  |9 324200 
650 0 |a Leyes  |9 256670 
650 0 |a Religión   |9 255164 
651 7 |a AMERICA DEL NORTE  |2 CL-VaPUC  |9 311278 
651 0 |a Estados Unidos  |9 255178 
651 0 |a Suiza   |9 256768 
583 |a last modification  |c 19990430 00:00:00  |k Rodrigo Vera 
490 0 |a Iniciación Política 
999 |c 280633  |d 280631 
952 |0 0  |1 0  |4 0  |6 321_800000000000000_TOC_1971  |7 0  |8 A  |9 321050  |a BIBHIS  |b BIBHIS  |d 2019-11-20  |i 1339648  |o 321.8 TOC 1971  |p 1339648  |r 2025-01-20  |w 2019-11-20  |y BK  |k HIS